Introductory Mathematics for economics and business (Record no. 89633)

MARC details
000 -LEADER
fixed length control field 00395nam a2200157Ia 4500
008 - FIXED-LENGTH DATA ELEMENTS--GENERAL INFORMATION
fixed length control field 230917s9999||||xx |||||||||||||| ||und||
040 ## - CATALOGING SOURCE
-- 73361
Original cataloging agency VIVEKANANDA LIBRARY
041 ## - Language
-- English
082 ## - DDC NUMBER
Classification number 330.1543 H711I
100 ## - MAIN ENTRY--PERSONAL NAME
Personal name Holden, K
245 #0 - TITLE STATEMENT
Title Introductory Mathematics for economics and business
250 ## - EDITION STATEMENT
Edition statement 2nd ed.
260 ## - PUBLICATION, DISTRIBUTION, ETC. (IMPRINT)
Place of publication, distribution, etc London
Name of publisher, distributor, etc Macmillan
Date of publication, distribution, etc 1992
300 ## - PHYSICAL DESCRIPTION
Pages xi, 511 p.
942 ## - ADDED ENTRY ELEMENTS (KOHA)
Koha item type Books
Holdings
Withdrawn status Lost status Damaged status Not for loan Location (home branch) Sublocation or collection (holding branch) Shelving location Date acquired Koha issues (times borrowed) Koha full call number Accession No. Koha date last seen Koha item type
        VIVEKANANDA LIBRARY VIVEKANANDA LIBRARY IMSAR Library 11/02/2003   330.1543 H711I 170139 17/09/2023 Books
        VIVEKANANDA LIBRARY VIVEKANANDA LIBRARY   11/02/2003   330.1543 H711I 198860 17/09/2023 Books
        VIVEKANANDA LIBRARY VIVEKANANDA LIBRARY   11/02/2003   330.1543 H711I 212105 17/09/2023 Books
        VIVEKANANDA LIBRARY VIVEKANANDA LIBRARY   11/02/2003   330.1543 H711I 225801 17/09/2023 Books
        VIVEKANANDA LIBRARY VIVEKANANDA LIBRARY   11/02/2003   330.1543 H711I 290617 17/09/2023 Books
© Designed and Maintained by Vivekananda Library, MDU Rohtak